Barroco femenino (Record no. 1152)

MARC details
000 -CABECERA
campo de control de longitud fija 01025nam a2200229 a 4500
001 - NÚMERO DE CONTROL
campo de control BRCA_1283
005 - FECHA Y HORA DE LA ÚLTIMA TRANSACCIÓN
campo de control 20190320203348.0
008 - DATOS DE LONGITUD FIJA--INFORMACIÓN GENERAL
campo de control de longitud fija 190508s1994----u--a######---#000-0#eng-#
041 ## - CÓDIGO DE LENGUA
Código de lengua del texto/banda sonora o título independiente eng
044 ## - CÓDIGO DEL PAÍS DE LA ENTIDAD EDITORA/PRODUCTORA
Código MARC del país u
050 #4 - SIGNATURA TOPOGRÁFICA DE LA BIBLIOTECA DEL CONGRESO
Número de clasificación N6415.B3
Número de documento/Ítem .B37 1994
245 10 - MENCIÓN DE TÍTULO
Título Barroco femenino
Resto del título memoria de la mujer mexicana en los albures de la nacionalidad , siglos XVII Y XVIII.
260 ## - PUBLICACIÓN, DISTRIBUCIÓN, ETC.
Lugar de publicación, distribución, etc. San Antonio, Texas
Nombre del editor, distribuidor, etc. Instituto Cultural Mexicano
Fecha de publicación, distribución, etc. 1994
300 ## - DESCRIPCIÓN FÍSICA
Extensión 92 p.
Otras características físicas il. a color
Dimensiones 21 cm.
500 ## - NOTA GENERAL
Nota general Catálogo de la exposición realizada en el Instituto Cultural Mexicano (San Antonio, Texas), 12 mayo - 31 julio, 1994 y en el Museo de Historia Mexicana de Monterrey (Ciudad de México), septiembre - noviembre, 1994
500 ## - NOTA GENERAL
Nota general Incluye piezas de la colección Franz Mayer: p. 71, 73, 74 y 75
504 ## - NOTA DE BIBLIOGRAFÍA, ETC.
Nota de bibliografía, etc. Bibliografía: p. 26-29
546 ## - NOTA DE LENGUA/LENGUAJE
Nota de lengua/lenguaje Texto en : inglés y español
650 14 - PUNTO DE ACCESO ADICIONAL DE MATERIA--TÉRMINO DE MATERIA
Término de materia o nombre geográfico como elemento de entrada Indumentaria femenina novohispana
Subdivisión general Barroco
9 (RLIN) 4213
650 14 - PUNTO DE ACCESO ADICIONAL DE MATERIA--TÉRMINO DE MATERIA
Término de materia o nombre geográfico como elemento de entrada Vestido femenino
Subdivisión general Historia
Subdivisión cronológica Siglo XVI-XVII
Subdivisión geográfica México
9 (RLIN) 4214
942 ## - ELEMENTOS DE PUNTO DE ACCESO ADICIONAL (KOHA)
Fuente del sistema de clasificación o colocación Library of Congress Classification
Tipo de ítem Koha Libros
Holdings
Estado de retiro Estado de pérdida Estado dañado No para préstamo Localización permanente Ubicación/localización actual Fecha de adquisición Total de préstamos Signatura topográfica completa Código de barras Fecha visto por última vez Precio válido a partir de Tipo de ítem Koha
El ejemplar forma parte de la colección y puede ser consultado según las políticas vigentes.       Biblioteca del Museo Franz Mayer (Rogerio Casas-Alatriste) Biblioteca del Museo Franz Mayer (Rogerio Casas-Alatriste) 26/06/2008   N6415.B3 .B37 1994 01784 22/03/2019 22/03/2019 Libros